Wszystkie piosenki - Paluch - Statystyki

Ogólne statystyki
  • Ten quiz został rozwiązany 36 razy
  • Średni wynik to 52 z 242
Statystyki odpowiedzi
Hint Odpowiedź % Poprawnych
Biuro ochrony rapu P.O. (Poznańska ofensywa)
93%
Ostatni Krzyk Osiedla Szaman
85%
Bezgranicznie Oddany (z Dj Story) Ola (Skit)
81%
Złota Owca Kontrola Jakości (feat. Szpaku)
74%
Ostatni Krzyk Osiedla OKO (Ostatni Krzyk Osiedla)
74%
Złota Owca Złota Owca
74%
Ostatni Krzyk Osiedla Gdybyś Kiedyś
70%
Biuro ochrony rapu | Czerwony Dywan | Made in Heaven (z Chris Carson) | +2 others Intro
70%
10/29 10-29
67%
Czerwony Dywan Czerwony dywan
67%
Kompot Kompot (feat. Major SPZ)
67%
Nadciśnienie Nadciśnienie
67%
Lepszego Życia Diler Lepszego Życia Diler
63%
Pośród Hien (z Słoń) Pośród Hien
63%
Lepszego Życia Diler Bez Strachu
59%
Biuro ochrony rapu B.O.R.
59%
Syntetyczna Mafia B.O.R. (feat. Bezczel & Słoń)
59%
Niebo B.O.R (feat. Gedz)
59%
Niebo Niebo
59%
Czerwony Dywan Peeling
59%
Pośród Hien (z Słoń) Jedna Nić
56%
Czerwony Dywan Mój kościół
56%
Pewniak Pewniak
56%
Złota Owca Cardio
52%
Kompot Każdy blok
52%
Czerwony Dywan Balans (feat. Słoń)
48%
Bezgranicznie Oddany (z Dj Story) Bezgranicznie Oddany (feat. Bob One)
48%
Milion dróg do śmierci (z Kali) | Życie jest piękne Outro
48%
Życie jest piękne Życie Jest Piękne (feat. Żołnierz)
48%
Czerwony Dywan Amalgamat (feat. Szpaku & Joda)
44%
Ostatni Krzyk Osiedla Banany
44%
Ostatni Krzyk Osiedla MAT (feat. Sheller & Gedz)
44%
Nadciśnienie Drugi brzeg
41%
Złota Owca Dym
41%
10/29 Halo Ziemia
41%
Ostatni Krzyk Osiedla Offline
41%
Ostatni Krzyk Osiedla Prosto w Ryj
41%
Ostatni Krzyk Osiedla 24h
37%
Czerwony Dywan Ładni smutni ludzie
37%
Złota Owca List w Butelce
37%
Milion dróg do śmierci (z Kali) Milion Dróg do Śmierci
37%
Czerwony Dywan Opozycja
37%
Ostatni Krzyk Osiedla Self Made
37%
Czerwony Dywan Spłata
37%
Ostatni Krzyk Osiedla Strefa Komfortu (feat. Kobik)
37%
Ostatni Krzyk Osiedla W Moim Życiu
37%
Ostatni Krzyk Osiedla Daj Mi Powód
33%
Czerwony Dywan Nowa Polska
33%
Biuro ochrony rapu | Nadciśnienie | Życie jest piękne Skit
33%
Złota Owca Sterylnie (feat. Quebonafide)
33%
Ostatni Krzyk Osiedla Kontur
30%
Lepszego Życia Diler Król
30%
Złota Owca Krótka Piłka (feat. Sarius)
30%
Made in Heaven (z Chris Carson) Made in Heaven
30%
Nadciśnienie Mali ludzie (feat. Oki)
30%
Bezgranicznie Oddany (z Dj Story) Nowy Trueschool
30%
Czerwony Dywan Pudle
30%
Pośród Hien (z Słoń) Samogon
30%
Czerwony Dywan Sidła (feat. PLK)
30%
Pośród Hien (z Słoń) Zima
30%
10/29 Na Spokojnie
26%
Pośród Hien (z Słoń) Od Do
26%
Milion dróg do śmierci (z Kali) Syntetyczna Ganja Mafia
26%
Biuro ochrony rapu Taki jestem
26%
10/29 Taki Jestem
26%
Złota Owca Zimne Ognie
26%
Ostatni Krzyk Osiedla 61 (feat. Onek87)
22%
Nadciśnienie Cztery kostki lodu
22%
Nadciśnienie Czwarta kawa (feat. Gedz & Włodi)
22%
Złota Owca Głód
22%
Lepszego Życia Diler Kolor Melanż
22%
Kompot Na chłodno
22%
Pośród Hien (z Słoń) Oczy Na Mnie (feat. Shellerini)
22%
Nadciśnienie Potrzeby (stopa bas)
22%
10/29 Swoje Miejsca
22%
Milion dróg do śmierci (z Kali) Whiskey haze
22%
10/29 W Kawałkach
22%
Lepszego Życia Diler Wracam do Domu
22%
Czerwony Dywan Życie wieczne
22%
Nadciśnienie AWF(Akademia Wychowania Finansowego)
19%
Złota Owca Biohazard
19%
10/29 Co na to Paluch?
19%
Nadciśnienie Części zamienne
19%
Nadciśnienie Kaszel
19%
Czerwony Dywan Nie myśl o tym (feat. Kobik)
19%
10/29 One Way One Love One Crew (feat. Ras Luta)
19%
Kompot Profesor
19%
10/29 Przyziemne Sprawy (feat. Rytmus)
19%
Lepszego Życia Diler Spowiedź
19%
Syntetyczna Mafia SSM (Szef Syntetycznej Mafii)
19%
Lepszego Życia Diler W Każdej Chwili
19%
Złota Owca Zły Sen
19%
Nadciśnienie 120-80
15%
Milion dróg do śmierci (z Kali) Było minęło
15%
10/29 Czyste Złoto
15%
Milion dróg do śmierci (z Kali) D.N.A miasta
15%
Milion dróg do śmierci (z Kali) Hip-hop 4 ever
15%
10/29 Impuls
15%
Pośród Hien (z Słoń) Kakato Geri
15%
Kompot LiL
15%
Złota Owca Mam Ten Luksus (feat. Kobik & Gedz)
15%
10/29 Maniak (feat. Gedz)
15%
Lepszego Życia Diler Nagła Śmierć
15%
10/29 Nerwy Stres (Market Love)
15%
Kompot Niedopasowany (feat. Vito Bambino)
15%
10/29 Odpocznij
15%
Złota Owca Plac Zabaw
15%
10/29 Po Właściwej Stronie
15%
Kompot Puch (feat. Avi)
15%
Milion dróg do śmierci (z Kali) Słyszałem o...
15%
Niebo Słyszałem o (feat. Kali)
15%
Kompot SOR
15%
Lepszego Życia Diler Szum
15%
Niebo Za Wszystko
15%
Syntetyczna Mafia Zostawić Coś Po Sobie
15%
Made in Heaven (z Chris Carson) Amstaff
11%
Bezgranicznie Oddany (z Dj Story) Antykozak
11%
Pośród Hien (z Słoń) Bez Filtra
11%
Kompot Buty z betonu
11%
Bezgranicznie Oddany (z Dj Story) Czarne Serca
11%
Pewniak Dla pijaków
11%
Pewniak Do ziomka
11%
Milion dróg do śmierci (z Kali) Droga do piekła (feat. Kacper)
11%
Milion dróg do śmierci (z Kali) Droga do raju
11%
Pewniak Ile jesteś wart? (feat. Onar)
11%
Bezgranicznie Oddany (z Dj Story) Jasne Spojrzenie
11%
Made in Heaven (z Chris Carson) Mam skrzydła (feat. Kali)
11%
Pośród Hien (z Słoń) Milimetry
11%
Bezgranicznie Oddany (z Dj Story) Miłość do Życia (feat. Pih)
11%
Pośród Hien (z Słoń) Mój Teren
11%
Milion dróg do śmierci (z Kali) Nic nie trwa wiecznie
11%
Nadciśnienie Nie ma życia (feat. KęKę)
11%
Milion dróg do śmierci (z Kali) Nie musisz nic
11%
Milion dróg do śmierci (z Kali) Nieśmiertelni
11%
Milion dróg do śmierci (z Kali) Nie zmusisz mnie (feat. Onek87)
11%
Nadciśnienie Normalnie nie
11%
Lepszego Życia Diler Opór (feat. Bartxedge)
11%
10/29 Pierwszy Świat (feat. S.Pri Noir)
11%
Bezgranicznie Oddany (z Dj Story) Red Bull (feat. Bosski Roman)
11%
Pośród Hien (z Słoń) Rosenthal
11%
Kompot Ruchome schody (feat. Kubiszew)
11%
Pośród Hien (z Słoń) Rytuał
11%
Pośród Hien (z Słoń) Ściana Tarcz
11%
Pewniak S.E.X. (sex edukacja xtasy)
11%
Milion dróg do śmierci (z Kali) Spokój
11%
10/29 Trzy
11%
Nadciśnienie Wszystko nowe
11%
Złota Owca Za Blisko
11%
Lepszego Życia Diler Zepsuty
11%
Pośród Hien (z Słoń) Znikający Punkt
11%
Kompot Zostawić coś po sobie 2K21
11%
Niebo Anonimowy Muzyk (feat. Kacezet)
7%
Pewniak Bomba piona zdrowie
7%
Życie jest piękne Bo To Jest Tak
7%
Lepszego Życia Diler Chcę Mniej (feat. Sokół)
7%
Syntetyczna Mafia Czuję Zmęczenie
7%
Made in Heaven (z Chris Carson) Daleko Stąd
7%
Bezgranicznie Oddany (z Dj Story) Do Ostatniego Tchu (feat. Kubiszew & Hemp Gru)
7%
Syntetyczna Mafia Duchowy Kompas
7%
Syntetyczna Mafia Gdybyś Zwątpił w Nas
7%
Pewniak Gdzie jesteś? (feat. Kajman)
7%
Kompot Głębszy oddech
7%
Biuro ochrony rapu Gram w to (feat. Waber)
7%
Bezgranicznie Oddany (z Dj Story) Grzechu (Skit)
7%
Pewniak Jeden z tych (feat. Kaczor)
7%
Biuro ochrony rapu Jedna miłość
7%
Życie jest piękne Konflikty Na Topie (feat. Knockout)
7%
Made in Heaven (z Chris Carson) M5 (feat. Quebonafide)
7%
Niebo Miałem Szczęście (feat. Onar)
7%
Pewniak Młody krzyk ulicy (feat. P.T.P.)
7%
Syntetyczna Mafia Mój Oldskul (feat. Peja)
7%
Kompot Na jutro
7%
Syntetyczna Mafia Na Otarcie Łez (feat. Lukasyno)
7%
Pewniak Na ulicach
7%
Made in Heaven (z Chris Carson) NGO (New Game Order)
7%
Bezgranicznie Oddany (z Dj Story) Nie Daj Się Wyjebać
7%
Niebo Nie Mam Wyrzutów Sumienia (feat. O.S.T.R.)
7%
Bezgranicznie Oddany (z Dj Story) Nie Ma Sensu (feat. Brahu)
7%
Niebo Nowa Epoka (feat. Ero)
7%
Made in Heaven (z Chris Carson) Ostatni telefon (feat. Białas & TomB)
7%
Bezgranicznie Oddany (z Dj Story) Podziemnie (feat. WSRH)
7%
Kompot Pomylony balet (mefedron diss)
7%
Syntetyczna Mafia Psychofan
7%
Biuro ochrony rapu PTKWO (feat. Monk Po)
7%
Życie jest piękne Puk, Puk
7%
Pewniak Reprezentuje (feat. Mrokas)
7%
Życie jest piękne Skandal Vandal (feat. Mrokas)
7%
Pewniak Skutek
7%
Niebo Słaby Punkt
7%
Bezgranicznie Oddany (z Dj Story) Sławek (Skit)
7%
Bezgranicznie Oddany (z Dj Story) Stan Gotowości
7%
Bezgranicznie Oddany (z Dj Story) Swoim Torem (feat. Zelo)
7%
Bezgranicznie Oddany (z Dj Story) Teraz to Wiem (feat. Gedz)
7%
Lepszego Życia Diler To Co Istotne (feat. HAJU & Te-Tris & Siwers)
7%
Lepszego Życia Diler To Nie Życie Zmienia Nas (feat. Bilon & Peja)
7%
Pewniak Tu i teraz (feat. Peja)
7%
Kompot Ważne rzeczy (feat. Kaz Bałagane)
7%
Niebo W Drodze do Lepszego Jutra
7%
Syntetyczna Mafia Wiarygodność
7%
Biuro ochrony rapu Wokół mnie (feat. DonGuralEsko)
7%
Pewniak Wypite (feat. Sheller, Waber)
7%
10/29 Zostało w Nas (feat. Olexesh)
7%
Biuro ochrony rapu Adrenalina
4%
Niebo Backstage
4%
Biuro ochrony rapu Bonus
4%
Biuro ochrony rapu Destrukcja2
4%
Pewniak Do wszystkich bliskich
4%
Niebo Drzwi Otwarte
4%
Biuro ochrony rapu Historia jednej dziw...
4%
Made in Heaven (z Chris Carson) Kastet
4%
Życie jest piękne Kraina Zapomnienia (feat. Kubiszew)
4%
Biuro ochrony rapu Kryminalna gra (feat. Bilon)
4%
Made in Heaven (z Chris Carson) Magma
4%
Niebo Miejski Delikates (feat. Śliwa)
4%
Made in Heaven (z Chris Carson) Mój sen
4%
Syntetyczna Mafia Nasz Głos (feat. Junior Stress & Miuosh)
4%
Syntetyczna Mafia Nic Nie Musisz (feat. Kali)
4%
Syntetyczna Mafia Nie Mam Miejsca
4%
Biuro ochrony rapu Nie potrzebuje
4%
Made in Heaven (z Chris Carson) Od dziecka (feat. KęKę)
4%
Syntetyczna Mafia Pan Życia
4%
Niebo Pionier
4%
Syntetyczna Mafia Podaj Tlen
4%
Niebo Ponaddźwiękowy Rap
4%
Niebo Przystanek Ziemia (feat. Bas Tajpan)
4%
Made in Heaven (z Chris Carson) RIP (rap i pieniądze)
4%
Pewniak Się zmieniło
4%
Życie jest piękne Słowo Ból
4%
Biuro ochrony rapu Tradycja - mamy to we krwi (feat. Waber & Roni)
4%
Syntetyczna Mafia Ukryty
4%
Niebo W Ciemno (feat. Hudy Hzd & Jongmen & Jasiek MBH & Onek87)
4%
Biuro ochrony rapu Zderzenie światów (feat. Knockout)
4%
Milion dróg do śmierci (z Kali) Mam nadzieję
0%
Made in Heaven (z Chris Carson) Możesz być kim chcesz (feat. Tau)
0%
Życie jest piękne Starch Przed Nieznanym
0%
Nie znaleziono quizów pasujących do podanych kryteriów
Rozkład punktacji
Procent ludzi z każdym wynikiem
Percentyl według liczby udzielonych odpowiedzi
Twoja historia wyników
Nie rozwiązałeś tego quizu